[Event "Vila Real-ch"]
[Site "Vila Real"]
[Date "2016.11.12"]
[Round "6.5"]
[White "Orti Camany, Vicente Jose"]
[Black "Moran Marzal, Francisco Javier"]
[Result "1-0"]
[WhiteElo "1943"]
[BlackElo "1845"]
[PlyCount "56"]
[EventDate "2016.10.01"]
[EventType "swiss"]
[EventRounds "7"]
[EventCountry "RUF"]
[SourceTitle "EXT 2024"]
[Source "ChessBase"]
[SourceDate "2023.10.10"]
[SourceVersion "1"]
[SourceVersionDate "2023.10.10"]
[SourceQuality "1"]

1. e4 d5 2. exd5 Qxd5 3. Nc3 Qd6 4. d4 Nf6 5. Nf3 c6 6. Ne5 Nbd7 7. Nc4 Qc7 8. Bg5 Nb6 9. Qd2 Nbd5 10. Bd3 Bg4 11. Ne5 Bh5 12. Nxd5 Nxd5 13. c4 Nf6 14. Bf4 Qd8 15. d5 cxd5 16. cxd5 Qxd5 17. Qb4 a6 18. 0-0 e6 19. Qc3 Bd6 20. Bc4 Bxe5 21. Bxe5 Qd8 22. Qb4 b5 23. Bb3 Nd5 24. Qa3 f6 25. Bd6 b4 26. Bxb4 Nxb4 27. Qxb4 Qe7 28. Qb6 Bf7 1-0

[Event "Vila Real-ch"]
[Site "Vila Real"]
[Date "2016.11.06"]
[Round "5.4"]
[White "Moran Marzal, Francisco Javier"]
[Black "Mezquita Broch, Pascual"]
[Result "0-1"]
[WhiteElo "1845"]
[BlackElo "1889"]
[PlyCount "126"]
[EventDate "2016.10.01"]
[EventType "swiss"]
[EventRounds "7"]
[EventCountry "RUF"]
[SourceTitle "EXT 2024"]
[Source "ChessBase"]
[SourceDate "2023.10.10"]
[SourceVersion "1"]
[SourceVersionDate "2023.10.10"]
[SourceQuality "1"]

1. d4 Nf6 2. c4 e6 3. Nf3 d5 4. Bg5 Be7 5. e3 0-0 6. Nc3 b6 7. cxd5 exd5 8. Qc2 Bb7 9. Bd3 Nbd7 10. 0-0 h6 11. Bh4 c5 12. dxc5 bxc5 13. Be2 Rc8 14. Rfd1 Qb6 15. Qb3 Rfe8 16. Qxb6 axb6 17. Nb5 Ne4 18. Bxe7 Rxe7 19. Nd2 Ndf6 20. Nxe4 Nxe4 21. Bf3 Rd8 22. Bxe4 Rxe4 23. Nc3 Re5 24. Rd2 d4 25. Rad1 Rde8 26. Nb5 R8e6 27. Re1 dxe3 28. Rxe3 Rxe3 29. fxe3 Rxe3 30. Kf2 Re6 31. Rd8+ Kh7 32. g3 Bc6 33. Nc3 b5 34. a3 Kg6 35. Nd5 Bxd5 36. Rxd5 Rc6 37. Ke3 Kf6 38. Rd7 b4 39. axb4 cxb4 40. Kd3 b3 41. Rb7 Rc2 42. Rxb3 Rxh2 43. Ke3 h5 44. Rb8 g5 45. b4 Kf5 46. Kf3 Rb2 47. Rb5+ Kg6 48. Rb8 Rb3+ 49. Kf2 Kf5 50. b5 Kg4 51. b6 Rxg3 52. Rc8 Rb3 53. Rc4+ Kh3 54. Rc5 Kh4 55. Rc7 f5 56. b7 f4 57. Rd7 g4 58. Kg1 Kg3 59. Kf1 f3 60. Ke1 f2+ 61. Ke2 Kg2 62. Rf7 Rb2+ 63. Kd3 f1Q+ 0-1

[Event "Provincial-ch Moncofa"]
[Site "Moncofa"]
[Date "2013.10.05"]
[Round "1"]
[White "Moran Marzal, Francisco Javier"]
[Black "Mingarro Carceller, Sergi"]
[Result "0-1"]
[WhiteElo "1815"]
[BlackElo "2213"]
[PlyCount "74"]
[EventDate "2013.10.05"]
[EventType "swiss"]
[EventRounds "7"]
[EventCountry "ESP"]
[SourceTitle "EXT 2024"]
[Source "ChessBase"]
[SourceDate "2023.10.10"]
[SourceVersion "1"]
[SourceVersionDate "2023.10.10"]
[SourceQuality "1"]

1. d4 Nf6 2. c4 e6 3. Nf3 d5 4. Bg5 Bb4+ 5. Nbd2 dxc4 6. a3 Bxd2+ 7. Qxd2 b5 8. Qb4 Qd5 9. Bxf6 gxf6 10. a4 Nc6 11. Qxb5 Rb8 12. Qxd5 exd5 13. e4 dxe4 14. Nd2 Nxd4 15. 0-0-0 Nb3+ 16. Nxb3 cxb3 17. Bb5+ Kf8 18. Rd8+ Kg7 19. Rxh8 Kxh8 20. Rd1 Be6 21. Rd4 f5 22. Kd2 Kg7 23. Ke3 Kf6 24. f3 Rg8 25. g3 exf3 26. Kxf3 Ke5 27. Rh4 Rd8 28. Ke2 c5 29. Rf4 Rd4 30. Rf3 a6 31. Bxa6 Rxa4 32. Re3+ Kf6 33. Bb5 Ra2 34. Rc3 Rxb2+ 35. Ke3 Rc2 36. Rxc2 bxc2 37. Kd2 Bb3 0-1

[Event "Provincial-ch Vila Real"]
[Site "Vila Real"]
[Date "2012.10.06"]
[Round "1.4"]
[White "Moran Marzal, Francisco Javier"]
[Black "Jordan Martinez, Miguel"]
[Result "0-1"]
[WhiteElo "1788"]
[BlackElo "2147"]
[PlyCount "100"]
[EventDate "2012.10.06"]
[EventType "swiss"]
[EventRounds "7"]
[EventCountry "ESP"]
[SourceTitle "EXT 2024"]
[Source "ChessBase"]
[SourceDate "2023.10.10"]
[SourceVersion "1"]
[SourceVersionDate "2023.10.10"]
[SourceQuality "1"]

1. d4 Nf6 2. c4 g6 3. Nc3 Bg7 4. e4 d6 5. Nf3 0-0 6. Be2 Nbd7 7. 0-0 c6 8. Be3 Qc7 9. Qc2 e5 10. dxe5 dxe5 11. Nd2 Re8 12. b4 Nf8 13. Rad1 Ne6 14. Nb3 Nf4 15. c5 Be6 16. Rd6 N6h5 17. Bf3 Nf6 18. Ne2 Nxe2+ 19. Bxe2 Bf8 20. Rdd1 Ng4 21. Bc1 Rad8 22. f3 Nf6 23. Rxd8 Rxd8 24. Rd1 Nh5 25. Be3 Nf4 26. Bf1 Bh6 27. Rxd8+ Qxd8 28. Qd2 Qxd2 29. Bxd2 Bxb3 30. Bxf4 Bxf4 31. axb3 Be3+ 32. Kh1 a6 33. g4 Bd2 34. b5 cxb5 35. g5 Be3 36. Bh3 a5 37. Bc8 a4 38. bxa4 bxa4 39. Bxb7 Bxc5 40. Kg2 Kf8 41. Bd5 Ke7 42. Kg3 Be3 43. Kg4 a3 44. h4 f6 45. gxf6+ Kxf6 46. h5 gxh5+ 47. Kxh5 Ke7 48. Kg4 Kd6 49. f4 Bxf4 50. Kf3 h5 0-1

[Event "Valencia-ch"]
[Site "Valencia"]
[Date "2012.04.14"]
[Round "2"]
[White "Moran Garcia, Aida"]
[Black "Moran Marzal, Francisco Javier"]
[Result "1-0"]
[WhiteElo "1603"]
[BlackElo "1784"]
[PlyCount "97"]
[EventDate "2012.04.14"]
[EventType "swiss"]
[EventRounds "7"]
[EventCountry "ESP"]
[SourceTitle "CBM 148 Extra"]
[Source "ChessBase"]
[SourceDate "2012.06.22"]
[SourceVersion "1"]
[SourceVersionDate "2012.06.22"]
[SourceQuality "1"]

1. e4 c5 2. Nf3 Nc6 3. d4 cxd4 4. Nxd4 Nxd4 5. Qxd4 e6 6. Bd3 f5 7. exf5 exf5 8. 0-0 b6 9. Qd5 Rb8 10. Qe5+ Ne7 11. Qxb8 Nc6 12. Qg3 g6 13. Re1+ Be7 14. Bg5 0-0 15. Bxe7 Nxe7 16. Na3 Bb7 17. Nb5 Nc6 18. Bc4+ d5 19. Rad1 Nb4 20. Bb3 Kg7 21. Qe5+ Qf6 22. Qe7+ Rf7 23. Qxf6+ Kxf6 24. Nxa7 Ba6 25. a3 Rxa7 26. axb4 Bc4 27. Bxc4 dxc4 28. Rd6+ Kg5 29. Rxb6 Ra2 30. Rc6 c3 31. bxc3 Rxc2 32. b5 Rb2 33. b6 Rb3 34. c4 Kf4 35. g3+ Kg4 36. c5 f4 37. Rc7 fxg3 38. hxg3 h5 39. Re4+ Kf5 40. Re3 Rb1+ 41. Kg2 g5 42. b7 h4 43. gxh4 Kg4 44. hxg5 Kh4 45. Rh7+ Kg4 46. g6 Kf5 47. g7 Rxb7 48. g8Q Rg7+ 49. Rxg7 1-0

[Event "Castellon Provincial-ch"]
[Site "Castellon"]
[Date "2011.10.15"]
[Round "2.9"]
[White "Arambul Ripolles, Javier"]
[Black "Moran Marzal, Francisco Javier"]
[Result "1/2-1/2"]
[WhiteElo "1707"]
[BlackElo "1796"]
[PlyCount "43"]
[EventDate "2011.10.01"]
[EventType "swiss"]
[EventRounds "7"]
[EventCountry "ESP"]
[SourceTitle "EXT 2024"]
[Source "ChessBase"]
[SourceDate "2023.10.10"]
[SourceVersion "1"]
[SourceVersionDate "2023.10.10"]
[SourceQuality "1"]

1. e4 e6 2. d4 d5 3. exd5 exd5 4. Nf3 Nf6 5. Bd3 Bd6 6. 0-0 0-0 7. Bg5 Bg4 8. Re1 c6 9. h3 Bh5 10. Nbd2 Nbd7 11. c3 Qc7 12. Qc2 Rfe8 13. g4 Bg6 14. Bxg6 hxg6 15. Kg2 Rxe1 16. Rxe1 Re8 17. Rxe8+ Nxe8 18. c4 Nef6 19. c5 Bf4 20. b4 Bxg5 21. Nxg5 Qf4 22. Ngf3 1/2-1/2